000 00729cam a2200253 4500
001 J3436
008 090401t1995 xxu||||| |||| 00| 0 eng d
035 _a(Sirsi) u55024
041 _aeng
050 _a692.50285
100 _aSher, William
245 _aClassification and coding of data for computer-aided estimating systems.
260 _aAscot
_bChartered Institute of Buildings
_c1995
300 _a12p. ; 30cm.
350 _a0
490 _aConstruction Papers
_v55
650 _aCLASSIFICATION SYSTEM
650 _aCOMPUTER-AIDED ESTIMATING
650 _aESTIMATING
690 _aBUILDING AND CONSTRUCTION-COMPUTERS
710 _aChartered Institute of Building
_92134
942 _n0
948 _c04/03/1997
999 _c93539
_d93539